000 00867nam a2200253 i 4500
003 DO-SdBNP
005 20251127082331.0
007 ta
008 240418s1986 xxu 001 0dspa d
040 _aDO-SdBNP
_bspa
_cBNPHU
_erda
082 4 _axxxx
_bR426m
_222
110 1 _aRepública Dominicana.
_bSecretaria de Estado de Educación, Bellas Artes y Cultos, Dirección General de Medios Educativos
_916501
245 1 0 _aManual del estudiante
264 _aSanto Domingo :
_bEditora Secretaria de Estado de Educación, Bellas Artes y Cultos,
_c1986.
300 _a119 páginas ;
_c25 cm.
336 _atexto
_btxt
_2rdacontent
337 _asin mediación
_bn
_2rdamedia
338 _avolumen
_bnc
_2rdacarrier
590 _aInventariado, 2024/ DG
650 4 _aCooperativismo
_98303
650 0 _aParticipación social
_977777
910 _aDG
942 _2ddc
_cLBS1
999 _c56456
_d56456